| 000 | 00399nam a2200145Ia 4500 | ||
|---|---|---|---|
| 008 | 230917s9999||||xx |||||||||||||| ||und|| | ||
| 040 |
_e54138 _aMAIN |
||
| 041 | _aEnglish | ||
| 082 | _a321.8 B223F | ||
| 100 | _aBanerjee, D N | ||
| 245 | 0 | _aFuture of democracy and other essays: Studies in political theory and practice | |
| 260 |
_aCalcutta _bWorld Press _c1953 |
||
| 300 | _a228 p. | ||
| 942 | _cBK | ||
| 999 |
_c72443 _d72443 |
||